000 02010cam a22004094i 4500
003 PE-LiUPU
005 20250731183429.0
008 150706s r 000 0 d
020 _a9789508891730
035 _a(Sirsi) i9789508891730
040 _aPE-LiUPU
_bspa
_cPE-LiUPU
_erda
049 _aPRUA
082 0 4 _a720.1
_bA28
_221
100 1 _aAgacinski, Sylviane,
_eautor.
245 1 0 _aVolúmen: filosofías y políticas de la arquitectura /
_cSylviane Agacinski.
264 1 _aBuenos Aires :
_bBiblioteca de la Mirada,
_c2008.
300 _a205 páginas ;
_c22 cm.
336 _atext
_2rdacontent
337 _aunmediated
_2rdamedia
338 _avolume
_2rdacarrier
500 _aVolúmen: Filosofías y poéticas de la arquitectura --en cubierta.
505 0 _aPoderes -- Los poderes del arquitecto o la invención compartida -- La "metáfora arquitectónica" de Grecia a Alemania -- El mito literario y político de la construcción -- Cabezas de partido: la ciudad y la cabeza -- Espacios -- Espacio de la obra: la morada -- Espacio privado: la distribución de lo propio -- Soportar la exposición: el museo -- Memorias -- Comunidad espiritual y monumentalidad: la memoria del nacional socialismo -- Monumentum: el precio del olvido -- Poesía y arte de la ruina.
526 _aP158
526 _aP146
526 _aP17
526 _aP12
526 _aP06
541 _g003-000204;
650 0 4 _aArquitectura
_xFilosofía.
700 1 _aGoldstein, Víctor,
_etr.
910 _agl
_bjv
_clch
_d20111011
942 _2ddc
_cBOOK
949 _a720.1 A28
_wDEWEY
_c1
_i63777
_lCCODEBUL1
_mBUL
_p32.00
_r0
_sY
_tBOOK
_u2015-7-6
_xINGENIERIA
_PP06
_o.STAFF. Colección General
994 _aC0
_bPEPRU
596 _a1
999 _a720.1 A28
_wDEWEY
_c52668
_i63777
_d52668
_e2015-8-16
_f2021-11-9
_g8
_lCCODEBUL1
_mBUL
_n3
_p32.00
_r0
_sY
_tBOOK
_u2015-7-6
_xINGENIERIA
_PP06
_0COMPRA
_o.STAFF. Colección General
980 _81
_gALBERTO SANCHEZ Responsable de Automatización